Vietnam learning to teach in a knowledge society
Uloženo v:
| Hlavní autor: | |
|---|---|
| Médium: | Kniha |
| Jazyk: | Undetermined |
| Vydáno: |
Washington
Worldbank
2005
|
| Témata: | |
| Tagy: |
Přidat tag
Žádné tagy, Buďte první, kdo otaguje tento záznam!
|
| Thư viện lưu trữ: | Trung tâm Học liệu Trường Đại học Cần Thơ |
|---|
| LEADER | 00521nam a2200193Ia 4500 | ||
|---|---|---|---|
| 001 | CTU_108584 | ||
| 008 | 210402s9999 xx 000 0 und d | ||
| 082 | |a 371.904 | ||
| 082 | |b H874 | ||
| 100 | |a Huang, Sandra S. | ||
| 245 | 0 | |a Vietnam learning to teach in a knowledge society | |
| 245 | 0 | |c Sandra S. Huang | |
| 260 | |a Washington | ||
| 260 | |b Worldbank | ||
| 260 | |c 2005 | ||
| 650 | |a Educations | ||
| 650 | |x Teaching and studying | ||
| 904 | |i Giang | ||
| 980 | |a Trung tâm Học liệu Trường Đại học Cần Thơ | ||